Dictionary of microbiology and molecular biology
Αποθηκεύτηκε σε:
| Κύριος συγγραφέας: | |
|---|---|
| Άλλοι συγγραφείς: | |
| Μορφή: | Βιβλίο |
| Γλώσσα: | English |
| Δημοσίευση: |
New York :
John Wiley and Sons,
1989
|
| Θέματα: | |
| Ετικέτες: |
Προσθήκη ετικέτας
Δεν υπάρχουν, Καταχωρήστε ετικέτα πρώτοι!
|
MARC
| LEADER | 00000nam a2200000 i 4500 | ||
|---|---|---|---|
| 001 | 1/6498 | ||
| 008 | 960708s1989 eng d | ||
| 020 | |a 0-471-91114-3 | ||
| 035 | |l 10016374 | ||
| 040 | |a GR-MY-UA |b gre |e aacr | ||
| 041 | 0 | |a eng | |
| 100 | 1 | |a Singleton, Paul. | |
| 245 | 1 | 0 | |a Dictionary of microbiology and molecular biology / |c Paul Singleton; Diana Sainsbury |
| 250 | |b 2nd ed. | ||
| 260 | |a New York : |b John Wiley and Sons, |c 1989 | ||
| 300 | |a xii, 1019 σ.; |b εικ. (μερ. έγχρ.); |c 24 εκ. | ||
| 504 | |a Βιβλιογραφία: σ. 1011-1019 | ||
| 650 | 0 | 0 | |a Microbiology. |
| 700 | 1 | |a Sainsbury, Diana. | |
| 852 | |a INST |b LESVOS |e 19960708 |h 576.03 SIN |p 005100009643 |q 005100009643 |t REF |y 23 | ||
| 909 | |a Λ |b 016944 | ||